000 00745nam a2200193Ii 4500
003 JO-AjNU
008 230605s9999||||xx |||||||||||||| ||und||
040 _aJO-AjNU
_bara
_erda
_cJO-AjNU
041 _aara
050 1 4 _aHV31 M33.1979
100 3 _aتأليف: حسن، محمود / م.مشارك: محمد بهجت كشك، محروس محمود خليفة,
_eauthor
_99333
245 0 0 _aمقدمة في الخدمة الاجتماعية: المجالات، ج3
264 3 1 _aالاسكندرية: المكتب الجامعي الحديث، 1979
300 _aج3، 199ص
336 _atext
_btxt
_2rdacontent
337 _aunmediated
_bn
_2rdamedia
338 _avolume
_bnc
_2rdacarrier
650 4 _a الخدمة الاجتماعية
_99334
999 _aA1245
_c4813
_d4813